header

The statesman in Plutarch's Greek and Roman lives (Record no. 138543)

MARC details
000 -LEADER
fixed length control field 01860nam a2200385Ia 4500
245 14 - TITLE STATEMENT
Title The statesman in Plutarch's Greek and Roman lives
260 ## - PUBLICATION, DISTRIBUTION, ETC. (IMPRINT)
Place of publication Leiden ;
-- Boston :
Name of publisher Brill,
Year of publication 2004.
300 ## - PHYSICAL DESCRIPTION
Number of Pages xx, 395 p.
490 1# - SERIES STATEMENT
Series statement Mnemosyne, bibliotheca classica Batava. Supplementum ;
Series statement The statesman in Plutarch's works: proceedings of the Sixth International Conference of the International Plutarch Society, Nijmegen/Castle Hernen, May 1-5, 2002 ;
650 #0 - SUBJECT ADDED ENTRY--TOPICAL TERM
Topical Term Statesmen
Topical Term Statesmen
Topical Term Biography as a literary form.
700 1# - ADDED ENTRY--PERSONAL NAME
Personal name Blois, Lukas de.
856 40 - ELECTRONIC LOCATION AND ACCESS
Uniform Resource Identifier http://site.ebrary.com/lib/rucke/Doc?id=10171537

No items available.

© 2026 Rongo University
Contact us: librarian | system librarian | Rongo university